Statistics for Every Capital Without The Letter "E"

Click here to take the quiz!

General Stats

  • This quiz has been taken 29 times
    (7 since last reset)
  • The average score is 93 of 123

Answer Stats

Answer% Correct
Abu Dhabi
100%
Amman
100%
Ankara
100%
Asuncion
100%
Bogota
100%
Cairo
100%
Hanoi
100%
Jakarta
100%
Kampala
100%
Kingston
100%
Kingstown
100%
Kuwait City
100%
La Paz
100%
London
100%
Luanda
100%
Managua
100%
Maputo
100%
Monaco
100%
Moscow
100%
Muscat
100%
Nassau
100%
Nicosia
100%
Oslo
100%
Ottawa
100%
Panama City
100%
Paris
100%
Podgorica
100%
Quito
100%
Rabat
100%
Riga
100%
San Marino
100%
San Salvador
100%
Santiago
100%
Santo Domingo
100%
Stockholm
100%
Tallinn
100%
Tunis
100%
Vatican City
100%
Warsaw
100%
Abuja
80%
Accra
80%
Addis Ababa
80%
Baghdad
80%
Brasilia
80%
Caracas
80%
Damascus
80%
Dhaka
80%
Dili
80%
Dodoma
80%
Dublin
80%
Havana
80%
Islamabad
80%
Juba
80%
Kathmandu
80%
Khartoum
80%
Kigali
80%
Kuala Lumpur
80%
Lima
80%
Lisbon
80%
Lusaka
80%
Madrid
80%
Manama
80%
Minsk
80%
Monrovia
80%
Nairobi
80%
Nur-Sultan
80%
Paramaribo
80%
Port of Spain
80%
Pyongyang
80%
Riyadh
80%
Sanaa
80%
Sofia
80%
Suva
80%
Tokyo
80%
Tripoli
80%
Ulaanbaatar
80%
Vaduz
80%
Vilnius
80%
Washington
80%
Antananarivo
60%
Apia
60%
Ashgabat
60%
Asmara
60%
Bamako
60%
Bangkok
60%
Bangui
60%
Banjul
60%
Bratislava
60%
Chisinau
60%
Dakar
60%
Djibouti
60%
Doha
60%
Honiara
60%
Kabul
60%
Kinshasa
60%
Ljubljana
60%
Manila
60%
Mogadishu
60%
Ouagadougou
60%
Porto Novo
60%
Port Vila
60%
Praia
60%
Tbilisi
60%
Thimphu
60%
Tirana
60%
Victoria
60%
Yamoussoukro
60%
Baku
40%
Bissau
40%
Conakry
40%
Funafuti
40%
Majuro
40%
Malabo
40%
Naypyidaw
40%
Nouakchott
40%
Palikir
40%
Port Louis
40%
Pristina
40%
St Johns
40%
Kyiv
20%
Moroni
20%
Nukualofa
20%
Tarawa
20%

Score Distribution

Percentile by Number Answered

Percent of People with Each Score

Your Score History

You have not taken this quiz since the last reset